000 00645cam a2200229 4500
008 090401t1998 xxu||||| |||| 00| 0 eng d
020 _a1860812244
035 _a(Sirsi) u88259
041 _aeng
050 _a690
110 _aBuilding Research Establishment
245 _aHardwoods for joinery and construction : technical assessment methods.
260 _aLondon
_bConstruction Research Communications Ltd
_c1998
300 _a4p. ; 30cm.
350 _a0
490 _aBRE Digest
_v431 part 1
650 _aHARDWOODS
650 _aJOINERY
690 _aBUILT ENVIRONMENT-BUILDING MATERIALS
942 _n0
948 _c03/09/1998
999 _c97312
_d97312